| 000 | 00861nam a2200229 a 4500 | ||
|---|---|---|---|
| 001 | 53681 | ||
| 003 | BD-RjUL | ||
| 005 | 20211209080013.0 | ||
| 008 | 161023s1959 ii ||||| |||| 00| 0 ben d | ||
| 020 | _c: Tk. 4.00 | ||
| 035 | _a(BD-RjUL)53803 | ||
| 040 |
_aBD-RjUL _bben _cBD-RjUL |
||
| 041 | _aben | ||
| 082 |
_223 _a891.44209 _bGHN 1959 |
||
| 100 |
_aঘোষ, অজিতকুমার _9121928 |
||
| 245 | 1 | 0 |
_aনাটকের কথা / _cঅজিতকুমার ঘোষ |
| 260 |
_aকলকাতা : _bসুপ্রকাশ প্রাইভেট লিমিটেড, _c১৯৫৯ |
||
| 300 |
_a[৮], ১৭৬ পৃ. ; _c২২ সেমি. |
||
| 650 |
_aবাংলা নাটক _xইতিহাস ও সমালোচনা _9123674 |
||
| 650 |
_aBengali Drama _xHistory and Criticism _9122764 |
||
| 942 |
_2ddc _cBK |
||
| 999 |
_c53681 _d53681 |
||